Human Resource Management: An Experiential Approach (Record no. 3600)

MARC details
005 - DATE AND TIME OF LATEST TRANSACTION
control field 20250610114908.0
020 ## - INTERNATIONAL STANDARD BOOK NUMBER
International Standard Book Number 978-007-126747-2
082 ## - DEWEY DECIMAL CLASSIFICATION NUMBER
Classification number LECT 658.3 BER
100 ## - MAIN ENTRY--PERSONAL NAME
Author name BERNARDIN, H. J.
245 ## - TITLE STATEMENT
Title Human Resource Management: An Experiential Approach
250 ## - EDITION STATEMENT
Edition statement 5th Ed.
260 ## - PUBLICATION, DISTRIBUTION, ETC.
Place of publication, distribution, etc. New York,
Name of publisher, distributor, etc. McGraw Hill,
Date of publication, distribution, etc. 2010.
300 ## - PHYSICAL DESCRIPTION
Extent xiii, 813p.: ill.; figure, table
Other physical details Index
Dimensions 27cm.
942 ## - ADDED ENTRY ELEMENTS (KOHA)
Source of classification or shelving scheme Dewey Decimal Classification
Koha item type Books
Holdings
Date last seen Total checkouts Full call number Barcode Cost, replacement price Price effective from Koha item type Lost status Source of classification or shelving scheme Damaged status Not for loan Withdrawn status Home library Current library Shelving location Date acquired Cost, normal purchase price
06/10/2025   LECT 658.3 BER 00000012467 150000.00 06/10/2025 Books   Dewey Decimal Classification       College of Business Education Main Library College of Business Education Main Library General Collection 08/04/2010 50000.00
06/12/2025   LECT 658.3 BER 00000012634 150000.00 06/12/2025 Books   Dewey Decimal Classification       College of Business Education Main Library College of Business Education Main Library General Collection 08/04/2011 50000.00